La libertà religiosa in Italia e Europa
Bewaard in:
| Hoofdauteurs: | , |
|---|---|
| Formaat: | Boek |
| Taal: | Italiaans |
| Gepubliceerd in: |
Turín
Claudiana
2000
|
| Reeks: | Cinquantapagine, 20
|
| Onderwerpen: | |
| Tags: |
Voeg label toe
Geen labels, Wees de eerste die dit record labelt!
|
MARC
| LEADER | 00000nam a2200000 a 4500 | ||
|---|---|---|---|
| 001 | UCL2856 | ||
| 003 | CL-VaPUC | ||
| 008 | 031107e20000000IT |||||||||||||||||ita|d | ||
| 020 | |a 8870163539 | ||
| 082 | 0 | 4 | |a 262.9 |b SPI |2 21 |
| 100 | 0 | |a Spini, Giorgio |e author |9 479999 | |
| 700 | 0 | |a Long, Gianni |e author |9 480000 | |
| 245 | 1 | 3 | |a La libertà religiosa in Italia e Europa |
| 300 | |a 48 p | ||
| 942 | |c BK | ||
| 945 | |d 20031107 00:00:00 |a cmena | ||
| 260 | |a Turín |b Claudiana |c 2000 | ||
| 650 | 0 | |a Derecho eclesiástico |9 255055 | |
| 650 | 0 | |a Estado y derecho |9 255403 | |
| 650 | 7 | |a LIBERTAD RELIGIOSA |2 CL-VaPUC |9 480001 | |
| 650 | 0 | |a Derecho comparado |9 255664 | |
| 651 | 0 | |a Italia |9 254949 | |
| 651 | 0 | |a Europa |9 255156 | |
| 583 | |a last modification |c 20031107 00:00:00 |k Rodrigo Vera | ||
| 490 | 0 | |a Cinquantapagine, 20 | |
| 999 | |c 306031 |d 306029 | ||
| 952 | |0 0 |1 0 |4 0 |6 262_900000000000000_SPI_2000 |7 0 |8 A |9 370705 |a BIBDER |b BIBDER |d 2019-11-21 |i 3923231 |o 262.9 SPI 2000 |p 3923231 |r 2023-01-25 |w 2019-11-21 |y BK |k DER | ||